| 000 | 01025nam a2200193 4500 | ||
|---|---|---|---|
| 999 |
_c121178 _d121178 |
||
| 001 | K121178 | ||
| 008 | 190716b2019 ||||| |||| 00| 0 eng d | ||
| 110 |
_96291 _aBetter Buildings Partnership |
||
| 245 | _aBetter Buildings Partnership | ||
| 520 | _aThe British Buildings Partnership (BBP)) is a collaboration of the UK's leading commercial property owners who are working together to improve the sustainability of existing commercial building stock. Its climate commitment was signed by 24 CEOs and CIOs of leading real estate companies who agree to collaborate in order to deliver net zero carbon buildings by 2050. January 2020 it is launching a forum to enable owners and occupiers to collaborate on sustainability issues. | ||
| 650 | _aValuetheplanet | ||
| 650 | _aZero-carbon | ||
| 650 | _aClimate change | ||
| 650 | _aReal estate | ||
| 651 | _aUnited Kingdom | ||
| 690 |
_96271 _aSustainability |
||
| 856 |
_uhttps://www.betterbuildingspartnership.co.uk/ _zView at Betterbuildingspartnership |
||
| 942 | _2ddc | ||